000 00819nam a22001337a 4500
040 _cRUA
082 _aLMA VAN 2014 B498 Or.1
100 _aVANN SOPHEAK; វ៉ាន់ សុភ័ក្រ្ត
245 _aStudy on parcel survey in sporadic land registration process steung sen city kampong thom province; សិក្សាអំពីបច្ចេកទេសវាស់វែងក្បាលដីក្នុងដំណើរការចុះបញ្ជីដីធ្លីមានលក្ខណៈដាច់ដោយដុំនៅក្រុងស្ទឹងសែន ខេត្តកំពង់ធំ
260 _aPhnom Penh
_bRUA
_c2014
300 _axi; 42p;
_bill;
_c29cm;
856 _uhttps://drive.google.com/file/d/1FPl0U8SdSIvOpjydjmmqXW9lek8gL2tw/view?usp=sharing
942 _cLMA
999 _c10459
_d10459